'T' Blitz Quiz Stats

 Plays Quiz Updated Nov 1, 2018

Also try: 'U' Blitz
Challenge
Share
Tweet
Embed
Score 0/40 Timer 04:00
18 Plays Today
Category Answer % Correct
Day of the WeekTuesday
99.7%
Sense (Five Senses)Touch
95.3%
Orchestra InstrumentTrumpet
93.6%
US StateTennessee
91.7%
3 Letter Body PartToe
89.8%
Single Digit NumberTwo
89.1%
BLT FillingTomato
86.3%
Zodiac SignTaurus
84.3%
ElementTin
84.1%
2D ShapeTriangle
83.2%
Japanese Car ManufacturerToyota
82.6%
Voice Type (Vocal range)Tenor
81.9%
Winnie the Pooh CharacterTigger
81.8%
Asian CountryTaiwan
78.4%
Ballroom DanceTango
77.4%
US President (surname)Tyler
74.3%
Leg BoneTibia
71.2%
Singing ChipmunkTheodore
70.5%
African CountryTanzania
69.4%
Chinese Zodiac AnimalTiger
66.9%
Category Answer % Correct
Sporcle CategoryTelevision
64.8%
BirthstoneTopaz
64.1%
Peter Pan CharacterTinker Bell
63.9%
Shakespeare Play (The ...)Two Gentlemen of Verona
63.5%
Pixar MovieToy Story
63.4%
Jackson SiblingTito
62%
NFL TeamTitans
61.9%
Olympic Host CityTokyo
55.6%
UK Prime Minister (surname)Thatcher
53.9%
Simpsons CharacterTodd Flanders
52%
Trigonometric Ratio (full word)Tangent
49.8%
US State CapitalTallahassee
49.4%
Roman EmperorTiberius
49.2%
North American CountryTrinidad and Tobago
48.7%
James Bond MovieThunderball
42.1%
Oceania CountryTonga
41.5%
Australian StateTasmania
40.6%
Premier League TeamTottenham Hotspur
32.9%
Harry Potter ProfessorTrelawney
29.2%
Beatles #1 (US or UK)Ticket to Ride
17%

You're not logged in!

Compare scores with friends on all Sporcle quizzes.
OR
Log In

You Might Also Like...

Show Comments

Extras

Top Quizzes Today


Score Distribution

Your Account Isn't Verified!

In order to create a playlist on Sporcle, you need to verify the email address you used during registration. Go to your Sporcle Settings to finish the process.

Report this User

Report this user for behavior that violates our Community Guidelines.

Details: